| 000 | 01118nam a2200325 u 4500 | ||
|---|---|---|---|
| 001 | 000020289 | ||
| 003 | DO-SdBNP | ||
| 005 | 20210518075114.0 | ||
| 007 | 000020289 | ||
| 008 | 100804s2007 dr a r 000 0 spa d | ||
| 020 | _a9945404121 | ||
| 040 |
_aBPMSU _bspa _cBPMSU |
||
| 082 |
_a808.08 _bA634c _222 |
||
| 245 | 1 | 0 |
_aAntología de cuentos clásicos infanto-juveniles de la literatura universal / _crecopilación Basilio Belliard ... [et.al.] |
| 260 |
_aSanto Domingo, : _bSecretaría de Estado de Cultura, _c2007. |
||
| 300 |
_a139 p. : _bil. ; _c29 cm. |
||
| 500 | _aDirección General del Libro y la Lectura año del libro y la lectura hacia un país de lecturas | ||
| 590 | _6Inventariado, 2021/VM | ||
| 650 | 4 |
_aCuentos infantiles _vColecciones |
|
| 650 | 4 | _aLiteratura infantil | |
| 650 | 4 | _aCuentos juveniles | |
| 650 | 4 | _aLiteratura juvenil | |
| 700 |
_aBelliard, Basilio _ecomp. |
||
| 710 | 2 | _aSecretaria de Estado de Cultura (República Dominicana) | |
| 942 |
_2ddc _cBK |
||
| 956 |
_a _b _c _l _h |
||
| 956 |
_a _b _c _l _h |
||
| 956 |
_a _b _c _l _h |
||
| 956 |
_a _b _c _l _h |
||
| 999 |
_c7226 _d7226 |
||